[Event "Fide Mercenarios 55th"]
[Site "Mexico City"]
[Date "2001.??.??"]
[Round "?"]
[White "Luna, Jose Luis"]
[Black "Astorga Maycote, Joaquin"]
[Result "1-0"]
[WhiteElo "2000"]
[BlackElo "2000"]
[PlyCount "53"]
[EventDate "2001.??.??"]
[EventType "swiss"]
[EventRounds "5"]
[EventCountry "MEX"]
[SourceTitle "EXT 2003"]
[Source "ChessBase"]
[SourceDate "2002.11.25"]
[SourceVersion "1"]
[SourceVersionDate "2002.11.25"]
[SourceQuality "1"]

1. d4 d6 2. Nf3 Nf6 3. g3 g6 4. Bg2 Bg7 5. c4 Nc6 6. d5 Nb8 7. 0-0 Bd7 8. Nc3 c6 9. Qb3 Na6 10. Qxb7 Nc5 11. Qb4 cxd5 12. cxd5 Rb8 13. Qa3 0-0 14. b4 Nfe4 15. Nxe4 Nxe4 16. Bb2 Bxb2 17. Qxb2 Qb6 18. a3 a5 19. Qd4 Nf6 20. Qxb6 Rxb6 21. bxa5 Ra6 22. Nd4 e6 23. dxe6 fxe6 24. Rfc1 Rxa5 25. Bc6 Kf7 26. Bxd7 Nxd7 27. Rc7 1-0